(Khmer) Preah Ream Preah Leak / (Record no. 49191)
| 000 -LEADER | |
|---|---|
| fixed length control field | 00272nam a2200097 4500 |
| 020 ## - INTERNATIONAL STANDARD BOOK NUMBER | |
| International Standard Book Number | 9789996301698 |
| 245 ## - TITLE STATEMENT | |
| Title | (Khmer) Preah Ream Preah Leak / |
| Statement of responsibility, etc | Van Sopheak. |
| 260 ## - PUBLICATION, DISTRIBUTION, ETC. (IMPRINT) | |
| Place of publication, distribution, etc | Cambodia: |
| Name of publisher, distributor, etc | Reading Book; |
| Date of publication, distribution, etc | 2012. |
| 300 ## - PHYSICAL DESCRIPTION | |
| Extent | 141 p. |
| Other physical details | col. ill. |
| Dimensions | 20 cm. |
| 942 ## - ADDED ENTRY ELEMENTS (KOHA) | |
| Source of classification or shelving scheme | |
| Koha item type | Khmer Fic Books |
| Withdrawn status | Lost status | Source of classification or shelving scheme | Damaged status | Not for loan | Collection code | Home library | Current library | Shelving location | Date acquired | Total Checkouts | Full call number | Barcode | Date last seen | Date checked out | Price effective from | Koha item type |
|---|---|---|---|---|---|---|---|---|---|---|---|---|---|---|---|---|
| Siem Riep | Asian Hope Secondary Library | Asian Hope Secondary Library | SECONDARY | 08/08/2025 | 10 | KHMER FIC VAN | 208721 | 04/28/2026 | 04/21/2026 | 08/08/2025 | Khmer Fic Books |